L'âge de la multitude : Entreprendre et gouverner après la révolution numérique (notice n° 1566213)
[ vue normale ]
| 000 -LEADER | |
|---|---|
| fixed length control field | 01560cam a2200145 4500500 |
| 005 - DATE AND TIME OF LATEST TRANSACTION | |
| control field | 20251214001510.0 |
| 041 ## - LANGUAGE CODE | |
| Language code of text/sound track or separate title | fre |
| 042 ## - AUTHENTICATION CODE | |
| Authentication code | dc |
| 100 10 - MAIN ENTRY--PERSONAL NAME | |
| Personal name | Colin, Nicolas |
| Relator term | author |
| 245 00 - TITLE STATEMENT | |
| Title | L'âge de la multitude : Entreprendre et gouverner après la révolution numérique |
| 260 ## - PUBLICATION, DISTRIBUTION, ETC. | |
| Name of publisher, distributor, etc. | Armand Colin,<br/> |
| Date of publication, distribution, etc. | 2015.<br/> |
| 520 ## - SUMMARY, ETC. | |
| Summary, etc. | Et si nous étions devenus, sans le savoir, les principaux acteurs de l’économie numérique ? Si nos vies, nos inter-actions, nos créations étaient la source déterminante de la valeur et de la croissance ?Un monde nouveau, né de la révolution numérique, consacre le règne de milliards d’individus désormais instruits, équipés et connectés. Ensemble, ils forment une puissante multitude qui bouleverse l’ancien ordre économique et social. Loin d’être l’affaire des seules entreprises technologiques, l’économie numérique est au contraire dominée par ceux — entreprises, administrations, associations — qui ont su s’allier à cette multitude. Après la révolution numérique, l’enjeu stratégique est de susciter, de recueillir et de valoriser la créativité des individus.Tel est le sens de cet essai, souvent radical et décapant, qui invite entrepreneurs et politiques à comprendre et à utiliser la valeur considérable créée par chacun d’entre nous.Cette deuxième édition révisée est précédée d’une nouvelle préface. |
| 700 10 - ADDED ENTRY--PERSONAL NAME | |
| Personal name | Verdier, Henri |
| Relator term | author |
| 856 41 - ELECTRONIC LOCATION AND ACCESS | |
| Uniform Resource Identifier | <a href="https://shs.cairn.info/l-age-de-la-multitude--9782200601447?lang=fr&redirect-ssocas=7080">https://shs.cairn.info/l-age-de-la-multitude--9782200601447?lang=fr&redirect-ssocas=7080</a> |
Pas d'exemplaire disponible.




Réseaux sociaux